<?xml version="1.0" encoding="UTF-8"?><?xml-stylesheet type="text/xsl" href="static/style.xsl"?><OAI-PMH xmlns="http://www.openarchives.org/OAI/2.0/" xmlns:xsi="http://www.w3.org/2001/XMLSchema-instance" xsi:schemaLocation="http://www.openarchives.org/OAI/2.0/ http://www.openarchives.org/OAI/2.0/OAI-PMH.xsd"><responseDate>2026-04-13T22:55:51Z</responseDate><request verb="GetRecord" identifier="oai:www.recercat.cat:10256/26561" metadataPrefix="marc">https://recercat.cat/oai/request</request><GetRecord><record><header><identifier>oai:recercat.cat:10256/26561</identifier><datestamp>2025-09-25T13:02:31Z</datestamp><setSpec>com_2072_452955</setSpec><setSpec>com_2072_2054</setSpec><setSpec>col_2072_453072</setSpec></header><metadata><record xmlns="http://www.loc.gov/MARC21/slim" xmlns:dcterms="http://purl.org/dc/terms/" xmlns:xsi="http://www.w3.org/2001/XMLSchema-instance" xmlns:doc="http://www.lyncode.com/xoai" xsi:schemaLocation="http://www.loc.gov/MARC21/slim http://www.loc.gov/standards/marcxml/schema/MARC21slim.xsd">
   <leader>00925njm 22002777a 4500</leader>
   <datafield ind2=" " ind1=" " tag="042">
      <subfield code="a">dc</subfield>
   </datafield>
   <datafield ind2=" " ind1=" " tag="720">
      <subfield code="a">Oriol Granado, Xavier</subfield>
      <subfield code="e">author</subfield>
   </datafield>
   <datafield ind2=" " ind1=" " tag="720">
      <subfield code="a">Miranda Ayala, Rafael</subfield>
      <subfield code="e">author</subfield>
   </datafield>
   <datafield ind2=" " ind1=" " tag="720">
      <subfield code="a">Varela, Jorge</subfield>
      <subfield code="e">author</subfield>
   </datafield>
   <datafield ind2=" " ind1=" " tag="720">
      <subfield code="a">Garcia-Blanc, Nuria</subfield>
      <subfield code="e">author</subfield>
   </datafield>
   <datafield ind2=" " ind1=" " tag="260">
      <subfield code="c">2025-06</subfield>
   </datafield>
   <datafield ind2=" " ind1=" " tag="520">
      <subfield code="a">Bullying victimization in children is a recognized public health concern in many countries worldwide. Specifically, studies have consistently demonstrated that bullying victimization is one of the indicators that most significantly and negatively influences the subjective well-being (SWB) of children. Following this assumption, a study was conducted to examine the impact of bullying victimization on subjective well-being among 75,877 students aged 10 and 12 years across 24 countries. Additionally, the moderating role of support from teachers and family members in the relationship between bullying victimization and subjective well-being was investigated using structural equation modeling (SEM) analysis. The results show that, in many countries, there is an interaction effect of both family support and teacher support figures in both age groups (10 and 12 years). However, significant variability in these interaction effects was observed across countries, and in some countries, no moderating effect was detected. Specifically, in the 12-year-old group, a larger number of countries show no interaction effect from any adult support figure in the relationship between bullying victimization and SWB. The findings are discussed with a focus on the buffering effects of both types of support, the variability observed across countries, and the practical implications of these results</subfield>
   </datafield>
   <datafield ind2=" " ind1=" " tag="520">
      <subfield code="a">Open Access funding provided thanks to the CRUE-CSIC agreement with Springer Nature</subfield>
   </datafield>
   <datafield ind2=" " ind1=" " tag="520">
      <subfield code="a">3</subfield>
   </datafield>
   <datafield tag="653" ind2=" " ind1=" ">
      <subfield code="a">Assetjament escolar -- Educació primària</subfield>
   </datafield>
   <datafield tag="653" ind2=" " ind1=" ">
      <subfield code="a">Bullying in schools -- Study and teaching (Primary)</subfield>
   </datafield>
   <datafield ind2="0" ind1="0" tag="245">
      <subfield code="a">Bullying Victimization and Subjective Well-Being in 10- and 12-year-Old Children from 24 Countries: The Buffering Effect of Family and Teacher Support</subfield>
   </datafield>
</record></metadata></record></GetRecord></OAI-PMH>